Music Quiz

Random Music or Song Quiz

Atypical Song Lyrics Quiz Stats

Quiz Updated Sep 15, 2014

Challenge
Share
Tweet
Embed
Score 0/20 Timer 05:00
1 Play Today
% Correct
Bohemian Rhapsody - Queen
91.6%
Good Vibrations - Beach Boys
82.3%
Down Under - Men at Work
77.3%
Joy To The World - Three Dog Night
72.5%
Scarborough Fair - Simon and Garfunkel
68.6%
Hotel California - The Eagles
67.5%
Baba O'Riley - The Who
67.2%
Money For Nothing - Dire Straits
61.4%
American Pie - Don Mclean
53.7%
Teenage Lobotomy - The Ramones
50.7%
% Correct
The Joker - Steve Miller Band
50%
Stairway to Heaven - Led Zeppelin
47.7%
Summer Breeze - Seals and Crofts
46.4%
Movin' Out (Anthony's Song) - Billy Joel
46.3%
Born in the U.S.A. - Bruce Springsteen
45.4%
Rock Lobster - B-52's
45.3%
Bennie And The Jets - Elton John
43.2%
L.A. Woman - The Doors
43.2%
All Along The Watchtower - Bob Dylan
39.3%
MacArthur Park - Richard Harris
38.7%

You're not logged in!

Compare scores with friends on all Sporcle quizzes.
Sign Up with Email
OR
Log In

You Might Also Like...

Show Comments

Extras

Top Quizzes Today


Score Distribution

Your Account Isn't Verified!

In order to create a playlist on Sporcle, you need to verify the email address you used during registration. Go to your Sporcle Settings to finish the process.